LEADER 02580oam 22005174a 450 001 9910480412503321 005 20200114153027.0 010 $a1-5261-4454-9 010 $a1-5261-1412-7 035 $a(CKB)4100000008209530 035 $a(MiAaPQ)EBC5824929 035 $a(StDuBDS)EDZ0002153508 035 $a(OCoLC)1101101144 035 $a(MdBmJHUP)muse77815 035 $a(EXLCZ)994100000008209530 100 $a20190829d2019 uy 0 101 0 $aeng 135 $aurcnu|||||||| 181 $ctxt$2rdacontent 182 $cc$2rdamedia 183 $acr$2rdacarrier 200 10$aMutinous memories$eA subjective history of French military protest in 1919 /$fMatt Perry 210 1$aBaltimore, Maryland :$cProject Muse,$d2019 210 3$aBaltimore, Md. :$cProject MUSE, $d2019 210 4$dİ2019 215 $a1 online resource (viii, 209 pages) 225 0 $aStudies in modern French history 300 $aPreviously issued in print: 2019. 311 $a1-5261-1410-0 320 $aIncludes bibliographical references (pages [188]-204) and index. 327 $aSensing mutiny -- Mutinous emotion -- A mutineers' world : transnationalism and the sense of place -- Age, time and personal memory -- Associational memory. 330 $aThis book explores the eight-month wave of mutinies that struck the French infantry and navy in 1919. Based on official records and the testimony of dozens of participants, it is the first study to try to understand the world of the mutineers. Examining their words for the traces of sensory perceptions, emotions and thought processes, it reveals that the conventional understanding of the mutinies as the result of simple war-weariness and low morale is inadequate. In fact, an emotional gulf separated officers and the ranks, who simply did not speak the same language. The revolt entailed emotional sequences ending in a deep ambivalence and sense of despair or regret. Taking this into account, the book considers how mutineer memories persisted after the events in the face of official censorship, repression and the French Communist Party's co-option of the mutiny. 410 0$aStudies in modern French history. 606 $aMutiny$zFrance 606 $aHistory, Modern$y20th century 608 $aElectronic books. 615 0$aMutiny 615 0$aHistory, Modern 676 $a359.13340944 700 $aPerry$b Matt$0524158 801 0$bMdBmJHUP 801 1$bMdBmJHUP 906 $aBOOK 912 $a9910480412503321 996 $aMutinous memories$92248033 997 $aUNINA LEADER 01503nam 2200457 450 001 9910466001103321 005 20200520144314.0 010 $a1-62273-109-3 035 $a(CKB)3710000000829414 035 $a(MiAaPQ)EBC4647855 035 $a(PPN)198678916 035 $a(Au-PeEL)EBL4647855 035 $a(CaPaEBR)ebr11249204 035 $a(OCoLC)957128297 035 $a(EXLCZ)993710000000829414 100 $a20160906h20162016 uy 0 101 0 $aeng 135 $aurcnu|||||||| 181 $2rdacontent 182 $2rdamedia 183 $2rdacarrier 200 00$aPolitics and web 2.0Evandro Oliveira $ethe participation gap /$fby Peter Dahlgren [and six others] ; edited by Gisela Goncalves, Joaquim Paulo Serra 210 1$aWilmington, Delaware :$cVernon Press,$d2016. 210 4$dİ2016 215 $a1 online resource (169 pages) $cillustrations, tables 311 $a1-62273-099-2 320 $aIncludes bibliographical references at the end of each chapters and index. 606 $aPolitical participation$xTechnological innovations 608 $aElectronic books. 615 0$aPolitical participation$xTechnological innovations. 676 $a323.04202854678 702 $aSerra$b Joaquim Paulo 702 $aGoncalves$b Gisela 702 $aDahlgren$b Peter 801 0$bMiAaPQ 801 1$bMiAaPQ 801 2$bMiAaPQ 906 $aBOOK 912 $a9910466001103321 996 $aPolitics and web 2.0Evandro Oliveira$92137607 997 $aUNINA